เปลี่ยนเป็นภาษาไทย

Change to English
 แสดงรายละเอียดบรรณานุกรม
  กลับหน้าหลัก

Brief Record : Get Marc (ISO 2709) : E-mail record : QR code < ปิดหน้าต่าง
mysqli: Table './ulib62015/stat_globaluid' is marked as crashed and should be repaired
select id from stat_globaluid where statuid='20260517124805_547' 
mysqli: Table './ulib62015/stat_globaluid' is marked as crashed and should be repaired
DELETE FROM stat_globaluid
			WHERE id NOT IN (
			  SELECT id
			  FROM (
				SELECT id
				FROM stat_globaluid
				ORDER BY id DESC
				LIMIT 100
			  ) foo
			); 
mysqli: Table './ulib62015/stat_globaluid' is marked as crashed and should be repaired
insert into stat_globaluid set
		statuid='20260517124805_547',
		dt='1778996885',
		phpself='/ULIB62015/dublinfull.php',
		agent='Mozilla/5.0 AppleWebKit/537.36 (KHTML, like Gecko; compatible; ClaudeBot/1.0; +claudebot@anthropic.com)',
		yea='2026',
		mon='5',
		dat='17',
		ip='216.73.216.45'
		
		
mysqli: Table './ulib62015/stathist_viewbib_bib_type' is marked as crashed and should be repaired
insert into stathist_viewbib_bib_type set 
		dat='17' ,
		 mon='05' ,
		  yea='2026' ,
			 statuid='20260517124805_547' ,
			 head='27032' ,
			 foot='marc' ,
			 dt='1778996885' 
		
LEADER : 01174nam 2200277 a 4500
001    27032
003     ULIB
008    030417s2547 caua sb 001 0 eng
020    ^a9745234486
050    ^aGV1204.81.T5^bว559ก 2547
100    ^aวิเชียร เกษประทุม
245 10 ^a100 การละเล่นของเด็กไทย /^cเรียบเรียงโดย วิเชียร เกษประทุม ;^cบุญศรี ไพรัตน์, บรรณาธิการ
246 30 ^aหนึ่งร้อยการละเล่นของเด็กไทย
246 30 ^aการละเล่นของเด็กไทย
260    ^aกรุงเทพฯ :^bพัฒนาศึกษา,^c2547.
300    ^a216 หน้า :^bภาพประกอบ ;^c22 ซม.
650 04 ^aการละเล่น^zไทย
700 0  ^aบุญศรี ไพรัตน์,^eบรรณาธิการ
945    ^p60^l0^i006608
999    ^a57066
รายการนี้ยังไม่มีแท็ก
คุณยังไม่ได้ล็อกอิน คุณสามารถมีกิจกรรมร่วมกับเว็บไซต์ได้ แต่ต้องล็อกอินก่อน ::
  ล็อกอิน
  One Stop Service : ศูนย์ให้บริการแบบเบ็ดเสร็จ   จัดการหนังสือโปรด   แจ้งรายการบรรณานุกรมผิดพลาด
ลำดับที่ ประเภท เลขเรียก/บาร์โค้ด สถานที่ สถานะ
1. หนังสือ
หนังสือ
GV1204.81.T5 ว559ก 2547  
  Barcode: 006608
หนังสือทั่วไป บนชั้น
  ขอยืม

รายการใกล้เคียง
    ผู้แต่ง [วิเชียร เกษประทุม]

BibComment


ยังไม่เคยถูกคอมเมนท์

คอมเมนท์ทรัพยากรรายการนี้
  คอมเมนท์: 100 การละเล่นของ..
Bib 27032

 
 
 

 Union Library Management : ULibM
Copyright 2026. All Rights Reserved.